Pokémon - Relie la Ball à son effet - Statistiques

Statistiques générales
  • Ce quiz a été pris 63 fois
  • Le résultat moyen est 11 sur 15
Statistiques - réponses
Hint Réponse % Correct
Un Pokémon en dessous du Niveau 20 Faiblo Ball
90%
Un Pokémon affronté dans une grotte ou de nuit
Sombre Ball
90%
Un Pokémon déjà capturé Bis Ball
88%
Un grand nombre de tours pendant le combat Chrono Ball
88%
Une Ultra-Chimère Ultra Ball
86%
Un Pokémon sous-marin Scuba Ball
84%
Un Pokémon Insecte ou Eau Filet Ball
82%
Le premier tour de combat Rapide Ball
82%
Un Pokémon de la même espèce et du sexe
opposé
Love Ball
78%
Un Pokémon avec 100 de vitesse ou plus
Speed Ball
75%
Un Pokémon pêché Appât Ball
71%
Un Pokémon de plus de 200kg Masse Ball
67%
Des points de bonheur doublés Luxe Ball
65%
Un Pokémon qui vole ou qui est très rapide
Propulse Ball
57%
Un Pokémon distrait Gigamasse Ball
41%
Aucun quiz correspondant
Distribution des résultats
% des personnes avec chaque résultat
Percentile par nombre de réponses
Votre historique - résultats
Vous n’avez pas pris ce quiz